| 000 | 00988cab a2200157 4500 | ||
|---|---|---|---|
| 001 | L130226 | ||
| 008 | 050704n2005 000 0 eng u | ||
| 035 | _a(Sirsi) u130226 | ||
| 041 | _aeng | ||
| 245 | _aFederation aims to gain favour with name change | ||
| 260 | _c2005 | ||
| 490 |
_aInside Housing _v 22(18) 6 May 2005, 4(1) |
||
| 520 | _aThe House Builders Federation, the largest private developers' lobbying group in the UK, representing 300 firms in England and Wales, has adopted from 1 May 2005 a new brand, Home Builders Federation (HBF), to fit in with the sustainable communities agenda. HBF has also taken steps towards improving customer satisfaction in the house building industry by commissioning a buyers' survey. The survey will scrutinise the opinions of more than 40 000 new homebuyers over the next six months and shows the industry's commitment in taking forward the recommendations in the Barker Review. | ||
| 690 | _aPROPERTY-PROPERTY DEVELOPMENT | ||
| 942 | _n0 | ||
| 999 |
_c75504 _d75504 |
||